Szczegóły MARC21

Papers and Studies in Contrastive Linguistics /

001 -Numer kontrolny rekordu [,]
    • @
    • pole kontrolne
    • cc99202848
005 -Data i czas ostatniej zmiany [,]
    • @
    • Data ostatniej zmiany
    • 20260413133634.0
022 -Międzynarodowy Znormalizowany Numer Wydawnictwa Ciągłego - ISSN [ , ]
    • a
    • International Standard Serial Number
    • 0137-2459
035 -Inne numery kontrolne [ , ]
    • a
    • Numer kontrolny
    • (OCoLC)168553975
040 -Instytucja sporządzająca opis [ , ]
    • a
    • Instytucja, która sporządziła opis (NP)
    • KR U/AK
    • c
    • Instytucja, która sporządziła rekord (NP)
    • KR U/AK
    • d
    • Instytucja, która zmodyfikowała rekord (P)
    • WA U/DD
    • d
    • Instytucja, która zmodyfikowała rekord (P)
    • WA U/MBr
    • d
    • Instytucja, która zmodyfikowała rekord (P)
    • TOR U/WS
942 -Rodzaj dokumentu [ , ]
    • c
    • Rodzaj dokumentu
    • Wydaw. ciągłe w tym czasopisma
998 -Inne dane NUKAT [ , ]
    • a
    • Numer systemowy
    • vtls000029287
210 -Skrót tytułu [1, ]
    • a
    • Skrót tytułu
    • Pap. Stud. Contrastive Linguist.
222 -Tytuł kluczowy [ ,0]
    • a
    • Tytuł kluczowy
    • Papers and Studies in Contrastive Linguistics
245 -Strefa tytułu i oznaczenia odpowiedzialności [0,0]
    • a
    • Tytuł
    • Papers and Studies in Contrastive Linguistics /
    • c
    • Pozostałe elementy strefy tytułu i oznaczenia odpowiedzialności (NP)
    • Adam Mickiewicz University Poznań, Center for Applied Linguistics Washington D. C.
260 -Strefa adresu wydawniczego [ , ]
    • a
    • Miejsce wydania (P)
    • Poznań :
    • b
    • Nazwa wydawcy (P)
    • Wydawnictwo Naukowe UAM,
    • c
    • Data wydania (P)
    • 1973-1998.
300 -Strefa opisu fizycznego [ , ]
    • c
    • Format (NP)
    • 24 cm.
310 -Częstotliwość [ , ]
    • a
    • Częstotliwość
    • Niereg.
336 -Typ zawartości [ , ]
    • a
    • Termin opisujący typ zawartości
    • Tekst
    • b
    • Typ/rodzaj nośnika
    • txt
    • 2
    • Źródło (termin i kod)
    • rdacontent
337 -Typ mediów [ , ]
    • a
    • Tryb odtwarzania
    • Bez urządzenia pośredniczącego
    • b
    • Kod typu mediów
    • n
    • 2
    • Źródło (termin i kod)
    • rdamedia
338 -Typ/rodzaj nośnika [ , ]
    • a
    • Hasło opisujące typ nośnika
    • Wolumin
    • b
    • Kod typu nośnika
    • nc
    • 2
    • Źródło (termin i kod)
    • rdacarrier
362 -Strefa numeracji [0, ]
    • a
    • Strefa numeracji
    • Vol. 1 (1973)-Vol. 34 (1998).
530 -Uwaga dot. innej postaci fizycznej dokumentu [ , ]
    • a
    • Uwaga dot. innej postaci fizycznej dokumentu
    • Dostępne również w formie elektronicznej.
650 -Hasło przedmiotowe - nazwa pospolita [ ,7]
    • a
    • Hasło przedmiotowe
    • Językoznawstwo
655 -INDEX TERM--GENRE/FORM [ ,7]
    • a
    • Genre/form data or focus term
    • Czasopismo filologiczne
655 -INDEX TERM--GENRE/FORM [ ,7]
    • a
    • Genre/form data or focus term
    • Czasopismo naukowe
655 -INDEX TERM--GENRE/FORM [ ,7]
    • a
    • Genre/form data or focus term
    • Czasopismo polskie
710 -Hasło dodatkowe - nazwa ciała zbiorowego [2, ]
    • a
    • Nazwa ciała zbiorowego lub nazwa geograficzna jako pierwszy element (NP)
    • Uniwersytet im. Adama Mickiewicza (Poznań).
710 -Hasło dodatkowe - nazwa ciała zbiorowego [2, ]
    • a
    • Nazwa ciała zbiorowego lub nazwa geograficzna jako pierwszy element (NP)
    • Center for Applied Linguistics (Waszyngton).
710 -Hasło dodatkowe - nazwa ciała zbiorowego [2, ]
    • a
    • Nazwa ciała zbiorowego lub nazwa geograficzna jako pierwszy element (NP)
    • Uniwersytet im. Adama Mickiewicza (Poznań).
    • b
    • Nazwa jednostki podrzędnej (P)
    • Wydawnictwo Naukowe.
    • 4
    • Określenie rodzaju współpracy
    • pbl
785 -Tytuł następny wydawnictwa [0,0]
    • t
    • Title
    • PSiCL Poznań Studies in Contemporary Linguistics
    • g
    • Relationship information
    • Vol.35, 1999-
    • x
    • International Standard Serial Number
    • 1732-0747
    • w
    • Record control number
    • (NUKAT)aa2001002344
856 -Lokalizacja i sposób dostępu do dokumentu elektronicznego [4,1]
    • u
    • URI
    • https://www.infona.pl/resource/issn/01372459
    • z
    • Uwaga
    • Licencja krajowa
856 -Lokalizacja i sposób dostępu do dokumentu elektronicznego [4,1]
    • u
    • URI
    • http://wa.amu.edu.pl/psicl/Back_issues
    • z
    • Uwaga
    • Open Access
952 -Egzemplarz [ , ]
    • c
    • Sygnatura
    • Ac.27
    • d
    • Lokalizacja
    • BM Biblioteka Międzywydziałowa
    • i
    • Nr tomu wydaw.cg
    • Vol.30 (1995)
    • y
    • Status udostępniania
    • Tylko na miejscu
952 -Egzemplarz [ , ]
    • c
    • Sygnatura
    • Ac.27
    • d
    • Lokalizacja
    • BM Biblioteka Międzywydziałowa
    • i
    • Nr tomu wydaw.cg
    • Vol.31 (1996)
    • y
    • Status udostępniania
    • Tylko na miejscu
952 -Egzemplarz [ , ]
    • c
    • Sygnatura
    • Ac.27
    • d
    • Lokalizacja
    • BM Biblioteka Międzywydziałowa
    • i
    • Nr tomu wydaw.cg
    • Vol.32 (1997)
    • y
    • Status udostępniania
    • Tylko na miejscu
952 -Egzemplarz [ , ]
    • c
    • Sygnatura
    • Ac.27
    • d
    • Lokalizacja
    • BM Biblioteka Międzywydziałowa
    • i
    • Nr tomu wydaw.cg
    • Vol.33 (1997)
    • y
    • Status udostępniania
    • Tylko na miejscu
952 -Egzemplarz [ , ]
    • c
    • Sygnatura
    • Ac.27
    • d
    • Lokalizacja
    • BM Biblioteka Międzywydziałowa
    • i
    • Nr tomu wydaw.cg
    • Vol.34 (1998)
    • y
    • Status udostępniania
    • Tylko na miejscu
952 -Egzemplarz [ , ]
    • c
    • Sygnatura
    • W.100449
    • d
    • Lokalizacja
    • i
    • Nr tomu wydaw.cg
    • Vol.30 (1995).
    • y
    • Status udostępniania
    • Tylko na miejscu
952 -Egzemplarz [ , ]
    • c
    • Sygnatura
    • W.100449
    • d
    • Lokalizacja
    • i
    • Nr tomu wydaw.cg
    • Vol.30 (1995).
    • y
    • Status udostępniania
    • Tylko na miejscu
952 -Egzemplarz [ , ]
    • c
    • Sygnatura
    • W.100449
    • d
    • Lokalizacja
    • i
    • Nr tomu wydaw.cg
    • Vol.31 (1996).
    • y
    • Status udostępniania
    • Tylko na miejscu
952 -Egzemplarz [ , ]
    • c
    • Sygnatura
    • W.100449
    • d
    • Lokalizacja
    • i
    • Nr tomu wydaw.cg
    • Vol.31 (1996).
    • y
    • Status udostępniania
    • Tylko na miejscu
952 -Egzemplarz [ , ]
    • c
    • Sygnatura
    • Ac.27
    • d
    • Lokalizacja
    • BM Biblioteka Międzywydziałowa
    • i
    • Nr tomu wydaw.cg
    • Vol.26 (1990)
    • y
    • Status udostępniania
    • Tylko na miejscu
952 -Egzemplarz [ , ]
    • c
    • Sygnatura
    • Ac.27
    • d
    • Lokalizacja
    • BM Biblioteka Międzywydziałowa
    • i
    • Nr tomu wydaw.cg
    • Vol.13 (1981)
    • y
    • Status udostępniania
    • Tylko na miejscu
952 -Egzemplarz [ , ]
    • c
    • Sygnatura
    • Ac.27
    • d
    • Lokalizacja
    • BM Biblioteka Międzywydziałowa
    • i
    • Nr tomu wydaw.cg
    • Vol.16 (1983)
    • y
    • Status udostępniania
    • Tylko na miejscu
952 -Egzemplarz [ , ]
    • c
    • Sygnatura
    • Ac.27
    • d
    • Lokalizacja
    • BM Biblioteka Międzywydziałowa
    • i
    • Nr tomu wydaw.cg
    • Vol.17 (1983)
    • y
    • Status udostępniania
    • Tylko na miejscu
952 -Egzemplarz [ , ]
    • c
    • Sygnatura
    • Ac.27
    • d
    • Lokalizacja
    • BM Biblioteka Międzywydziałowa
    • i
    • Nr tomu wydaw.cg
    • Vol.21 (1986)
    • y
    • Status udostępniania
    • Tylko na miejscu
952 -Egzemplarz [ , ]
    • c
    • Sygnatura
    • Ac.27
    • d
    • Lokalizacja
    • BM Biblioteka Międzywydziałowa
    • i
    • Nr tomu wydaw.cg
    • Vol.27 (1993)
    • v
    • Data wprowadzenia opisu
    • 2023-10-18
    • y
    • Status udostępniania
    • Tylko na miejscu
    • z
    • Sposób nabycia
952 -Egzemplarz [ , ]
    • a
    • Numer inwentarzowy
    • W.100450
    • c
    • Sygnatura
    • Ac.27
    • d
    • Lokalizacja
    • BM Biblioteka Międzywydziałowa
    • h
    • Uwagi
    • Depozyt BM
    • i
    • Nr tomu wydaw.cg
    • Vol.13 (1981)
    • p
    • Kod kreskowy
    • 2000101004509
    • r
    • Cena
    • 0.00
    • v
    • Data wprowadzenia opisu
    • 2024-03-01
    • y
    • Status udostępniania
    • Tylko na miejscu
952 -Egzemplarz [ , ]
    • a
    • Numer inwentarzowy
    • W.154846
    • d
    • Lokalizacja
    • BG Dział Udostępniania Biblioteka Główna
    • i
    • Nr tomu wydaw.cg
    • Vol.22 (1988)
    • p
    • Kod kreskowy
    • 2000101548461
    • y
    • Status udostępniania
    • miesięczne
952 -Egzemplarz [ , ]
    • a
    • Numer inwentarzowy
    • W.171919
    • d
    • Lokalizacja
    • BG Dział Udostępniania Biblioteka Główna
    • i
    • Nr tomu wydaw.cg
    • Vol.24 (1988)
    • p
    • Kod kreskowy
    • 2000101719199
    • v
    • Data wprowadzenia opisu
    • 2024-05-13
    • y
    • Status udostępniania
    • miesięczne
952 -Egzemplarz [ , ]
    • p
    • Kod kreskowy
    • 2003900079129
    • a
    • Numer inwentarzowy
    • Pc.7912
    • c
    • Sygnatura
    • Ac.27
    • d
    • Lokalizacja
    • BM Biblioteka Międzywydziałowa
    • i
    • Nr tomu wydaw.cg
    • Vol. 2 (1973) wyd. 1974
    • r
    • Cena
    • 2.00
    • v
    • Data wprowadzenia opisu
    • 2023-10-18
    • w
    • Data inwentaryzacji
    • 2024-07-19
    • y
    • Status udostępniania
    • Tylko na miejscu
    • z
    • Sposób nabycia
    • e
    • Akcesja
    • 24dc12/1
952 -Egzemplarz [ , ]
    • p
    • Kod kreskowy
    • 2003900079136
    • a
    • Numer inwentarzowy
    • Pc.7913
    • c
    • Sygnatura
    • Ac.27
    • d
    • Lokalizacja
    • BM Biblioteka Międzywydziałowa
    • i
    • Nr tomu wydaw.cg
    • Vol. 3 (1974) wyd. 1975
    • r
    • Cena
    • 2.00
    • v
    • Data wprowadzenia opisu
    • 2023-10-18
    • w
    • Data inwentaryzacji
    • 2024-07-19
    • y
    • Status udostępniania
    • Tylko na miejscu
    • z
    • Sposób nabycia
    • e
    • Akcesja
    • 24dc12/2
952 -Egzemplarz [ , ]
    • p
    • Kod kreskowy
    • 2003900079143
    • a
    • Numer inwentarzowy
    • Pc.7914
    • c
    • Sygnatura
    • Ac.27
    • d
    • Lokalizacja
    • BM Biblioteka Międzywydziałowa
    • i
    • Nr tomu wydaw.cg
    • Vol. 4 (1976)
    • r
    • Cena
    • 2.00
    • v
    • Data wprowadzenia opisu
    • 2023-10-18
    • w
    • Data inwentaryzacji
    • 2024-07-19
    • y
    • Status udostępniania
    • Tylko na miejscu
    • z
    • Sposób nabycia
    • e
    • Akcesja
    • 24dc12/3
952 -Egzemplarz [ , ]
    • p
    • Kod kreskowy
    • 2003900079150
    • a
    • Numer inwentarzowy
    • Pc.7915
    • c
    • Sygnatura
    • Ac.27
    • d
    • Lokalizacja
    • BM Biblioteka Międzywydziałowa
    • i
    • Nr tomu wydaw.cg
    • Vol. 5 (1976) wyd. 1977
    • r
    • Cena
    • 2.00
    • v
    • Data wprowadzenia opisu
    • 2024-07-19
    • w
    • Data inwentaryzacji
    • 2024-07-19
    • y
    • Status udostępniania
    • Tylko na miejscu
    • z
    • Sposób nabycia
    • e
    • Akcesja
    • 24dc12/4
952 -Egzemplarz [ , ]
    • p
    • Kod kreskowy
    • 2003900079167
    • a
    • Numer inwentarzowy
    • Pc.7916
    • c
    • Sygnatura
    • Ac.27
    • d
    • Lokalizacja
    • BM Biblioteka Międzywydziałowa
    • i
    • Nr tomu wydaw.cg
    • Vol.6 (1977)
    • r
    • Cena
    • 2.00
    • v
    • Data wprowadzenia opisu
    • 2023-10-18
    • w
    • Data inwentaryzacji
    • 2024-07-19
    • y
    • Status udostępniania
    • Tylko na miejscu
    • z
    • Sposób nabycia
    • e
    • Akcesja
    • 24dc12/5
952 -Egzemplarz [ , ]
    • a
    • Numer inwentarzowy
    • Pc.7917
    • c
    • Sygnatura
    • Ac.27
    • d
    • Lokalizacja
    • BM Biblioteka Międzywydziałowa
    • e
    • Akcesja
    • 24dc12/6
    • i
    • Nr tomu wydaw.cg
    • Vol. 8 (1978)
    • p
    • Kod kreskowy
    • 2003900079174
    • r
    • Cena
    • 2.00
    • w
    • Data inwentaryzacji
    • 2024-07-19
    • y
    • Status udostępniania
    • Tylko na miejscu
    • z
    • Sposób nabycia
952 -Egzemplarz [ , ]
    • a
    • Numer inwentarzowy
    • Ac.461
    • c
    • Sygnatura
    • Ac.27
    • d
    • Lokalizacja
    • BM Biblioteka Międzywydziałowa
    • i
    • Nr tomu wydaw.cg
    • Vol. 7 (1977)
    • p
    • Kod kreskowy
    • 2002700004614
    • v
    • Data wprowadzenia opisu
    • 2024-07-19
    • y
    • Status udostępniania
    • Tylko na miejscu
952 -Egzemplarz [ , ]
    • a
    • Numer inwentarzowy
    • Ac.75
    • c
    • Sygnatura
    • Ac.27
    • d
    • Lokalizacja
    • BM Biblioteka Międzywydziałowa
    • i
    • Nr tomu wydaw.cg
    • Vol.1 (1973)
    • p
    • Kod kreskowy
    • 2002700000753
    • r
    • Cena
    • 0.00
    • y
    • Status udostępniania
    • Tylko na miejscu
952 -Egzemplarz [ , ]
    • p
    • Kod kreskowy
    • 2003900079198
    • a
    • Numer inwentarzowy
    • Pc.7919
    • c
    • Sygnatura
    • Ac.27
    • d
    • Lokalizacja
    • BM Biblioteka Międzywydziałowa
    • i
    • Nr tomu wydaw.cg
    • Vol. 10 (1979)
    • r
    • Cena
    • 2.00
    • v
    • Data wprowadzenia opisu
    • 2024-07-19
    • w
    • Data inwentaryzacji
    • 2024-07-19
    • y
    • Status udostępniania
    • Tylko na miejscu
    • z
    • Sposób nabycia
    • e
    • Akcesja
    • 24dc12/8
952 -Egzemplarz [ , ]
    • p
    • Kod kreskowy
    • 2003900079204
    • a
    • Numer inwentarzowy
    • Pc.7920
    • c
    • Sygnatura
    • Ac.27
    • d
    • Lokalizacja
    • BM Biblioteka Międzywydziałowa
    • i
    • Nr tomu wydaw.cg
    • Vol. 11 (1980)
    • r
    • Cena
    • 2.00
    • v
    • Data wprowadzenia opisu
    • 2023-10-18
    • w
    • Data inwentaryzacji
    • 2024-07-19
    • y
    • Status udostępniania
    • Tylko na miejscu
    • z
    • Sposób nabycia
    • e
    • Akcesja
    • 24dc12/9
952 -Egzemplarz [ , ]
    • a
    • Numer inwentarzowy
    • Pc.7921
    • c
    • Sygnatura
    • Ac.27
    • d
    • Lokalizacja
    • BM Biblioteka Międzywydziałowa
    • e
    • Akcesja
    • 24dc12/10
    • i
    • Nr tomu wydaw.cg
    • Vol. 12 (1980)
    • p
    • Kod kreskowy
    • 2003900079211
    • r
    • Cena
    • 2.00
    • v
    • Data wprowadzenia opisu
    • 2024-07-19
    • w
    • Data inwentaryzacji
    • 2024-07-19
    • y
    • Status udostępniania
    • Tylko na miejscu
    • z
    • Sposób nabycia
952 -Egzemplarz [ , ]
    • p
    • Kod kreskowy
    • 2003900079228
    • a
    • Numer inwentarzowy
    • Pc.7922
    • c
    • Sygnatura
    • Ac.27
    • d
    • Lokalizacja
    • BM Biblioteka Międzywydziałowa
    • i
    • Nr tomu wydaw.cg
    • Vol. 14 (1982)
    • r
    • Cena
    • 2.00
    • v
    • Data wprowadzenia opisu
    • 2023-10-18
    • w
    • Data inwentaryzacji
    • 2024-07-19
    • y
    • Status udostępniania
    • Tylko na miejscu
    • z
    • Sposób nabycia
    • e
    • Akcesja
    • 24dc12/11
952 -Egzemplarz [ , ]
    • a
    • Numer inwentarzowy
    • Pc.7923
    • c
    • Sygnatura
    • Ac.27
    • d
    • Lokalizacja
    • BM Biblioteka Międzywydziałowa
    • i
    • Nr tomu wydaw.cg
    • Vol. 15 (1982)
    • p
    • Kod kreskowy
    • 2003900079235
    • r
    • Cena
    • 2.00
    • v
    • Data wprowadzenia opisu
    • 2024-07-19
    • w
    • Data inwentaryzacji
    • 2024-07-19
    • y
    • Status udostępniania
    • Tylko na miejscu
    • z
    • Sposób nabycia
    • e
    • Akcesja
    • 24dc12/12
952 -Egzemplarz [ , ]
    • p
    • Kod kreskowy
    • 2003900079242
    • a
    • Numer inwentarzowy
    • Pc.7924
    • c
    • Sygnatura
    • Ac.27
    • d
    • Lokalizacja
    • BM Biblioteka Międzywydziałowa
    • i
    • Nr tomu wydaw.cg
    • Vol.19 (1985)
    • r
    • Cena
    • 2.00
    • v
    • Data wprowadzenia opisu
    • 2023-10-18
    • w
    • Data inwentaryzacji
    • 2024-07-19
    • y
    • Status udostępniania
    • Tylko na miejscu
    • z
    • Sposób nabycia
    • e
    • Akcesja
    • 24dc12/13
952 -Egzemplarz [ , ]
    • p
    • Kod kreskowy
    • 2003900079259
    • a
    • Numer inwentarzowy
    • Pc.7925
    • c
    • Sygnatura
    • Ac.27
    • d
    • Lokalizacja
    • BM Biblioteka Międzywydziałowa
    • i
    • Nr tomu wydaw.cg
    • Vol.18 (1984)
    • r
    • Cena
    • 2.00
    • w
    • Data inwentaryzacji
    • 2024-07-19
    • y
    • Status udostępniania
    • Tylko na miejscu
    • z
    • Sposób nabycia
    • e
    • Akcesja
    • 24ic5/9
952 -Egzemplarz [ , ]
    • p
    • Kod kreskowy
    • 2003900079266
    • a
    • Numer inwentarzowy
    • Pc.7926
    • c
    • Sygnatura
    • Ac.27
    • d
    • Lokalizacja
    • BM Biblioteka Międzywydziałowa
    • i
    • Nr tomu wydaw.cg
    • Vol.20 (1985)
    • r
    • Cena
    • 2.00
    • w
    • Data inwentaryzacji
    • 2024-07-19
    • y
    • Status udostępniania
    • Tylko na miejscu
    • z
    • Sposób nabycia
    • e
    • Akcesja
    • 24ic5/10
952 -Egzemplarz [ , ]
    • p
    • Kod kreskowy
    • 2003900079273
    • a
    • Numer inwentarzowy
    • Pc.7927
    • c
    • Sygnatura
    • Ac.27
    • d
    • Lokalizacja
    • BM Biblioteka Międzywydziałowa
    • i
    • Nr tomu wydaw.cg
    • Vol.22 (1988)
    • r
    • Cena
    • 2.00
    • w
    • Data inwentaryzacji
    • 2024-07-19
    • y
    • Status udostępniania
    • Tylko na miejscu
    • z
    • Sposób nabycia
    • e
    • Akcesja
    • 24ic5/11
952 -Egzemplarz [ , ]
    • p
    • Kod kreskowy
    • 2003900079280
    • a
    • Numer inwentarzowy
    • Pc.7928
    • c
    • Sygnatura
    • Ac.27
    • d
    • Lokalizacja
    • BM Biblioteka Międzywydziałowa
    • i
    • Nr tomu wydaw.cg
    • Vol.23 (1988)
    • r
    • Cena
    • 2.00
    • w
    • Data inwentaryzacji
    • 2024-07-19
    • y
    • Status udostępniania
    • Tylko na miejscu
    • z
    • Sposób nabycia
    • e
    • Akcesja
    • 24ic5/12
952 -Egzemplarz [ , ]
    • p
    • Kod kreskowy
    • 2003900079297
    • a
    • Numer inwentarzowy
    • Pc.7929
    • c
    • Sygnatura
    • Ac.27
    • d
    • Lokalizacja
    • BM Biblioteka Międzywydziałowa
    • i
    • Nr tomu wydaw.cg
    • Vol.24 (1988)
    • r
    • Cena
    • 2.00
    • w
    • Data inwentaryzacji
    • 2024-07-19
    • y
    • Status udostępniania
    • Tylko na miejscu
    • z
    • Sposób nabycia
    • e
    • Akcesja
    • 24ic5/13
952 -Egzemplarz [ , ]
    • p
    • Kod kreskowy
    • 2003900079303
    • a
    • Numer inwentarzowy
    • Pc.7930
    • c
    • Sygnatura
    • Ac.27
    • d
    • Lokalizacja
    • BM Biblioteka Międzywydziałowa
    • i
    • Nr tomu wydaw.cg
    • Vol.25 (1990)
    • r
    • Cena
    • 2.00
    • w
    • Data inwentaryzacji
    • 2024-07-19
    • y
    • Status udostępniania
    • Tylko na miejscu
    • z
    • Sposób nabycia
    • e
    • Akcesja
    • 24ic5/14
952 -Egzemplarz [ , ]
    • p
    • Kod kreskowy
    • 2003900079310
    • a
    • Numer inwentarzowy
    • Pc.7931
    • c
    • Sygnatura
    • Ac.27
    • d
    • Lokalizacja
    • BM Biblioteka Międzywydziałowa
    • i
    • Nr tomu wydaw.cg
    • Vol.28 (1993)
    • r
    • Cena
    • 3.00
    • w
    • Data inwentaryzacji
    • 2024-07-19
    • y
    • Status udostępniania
    • Tylko na miejscu
    • z
    • Sposób nabycia
    • e
    • Akcesja
    • 24ic5/15
952 -Egzemplarz [ , ]
    • p
    • Kod kreskowy
    • 2003900079327
    • a
    • Numer inwentarzowy
    • Pc.7932
    • c
    • Sygnatura
    • Ac.27
    • d
    • Lokalizacja
    • BM Biblioteka Międzywydziałowa
    • i
    • Nr tomu wydaw.cg
    • Vol.29 (1994)
    • r
    • Cena
    • 3.00
    • w
    • Data inwentaryzacji
    • 2024-07-19
    • y
    • Status udostępniania
    • Tylko na miejscu
    • z
    • Sposób nabycia
    • e
    • Akcesja
    • 24ic5/16
952 -Egzemplarz [ , ]
    • a
    • Numer inwentarzowy
    • Pc.7918
    • c
    • Sygnatura
    • Ac.27
    • d
    • Lokalizacja
    • BM Biblioteka Międzywydziałowa
    • e
    • Akcesja
    • 24dc12/7
    • i
    • Nr tomu wydaw.cg
    • Vol. 9 (1979)
    • p
    • Kod kreskowy
    • 2003900079181
    • r
    • Cena
    • 2.00
    • v
    • Data wprowadzenia opisu
    • 2023-10-18
    • w
    • Data inwentaryzacji
    • 2024-07-19
    • y
    • Status udostępniania
    • Tylko na miejscu
    • z
    • Sposób nabycia